| 000 | 00625nam a2200229 a 4500 | ||
|---|---|---|---|
| 005 | 20210219153157.0 | ||
| 008 | 991125n 000 0 u | ||
| 035 | _aUPN01000082137 | ||
| 100 | _aSykes, Gary | ||
| 222 | _aEDUCATIONAL POLICY | ||
| 245 | _aIn defense of teacher professionalism as a policy choice | ||
| 300 | _a137- 149 | ||
| 362 | _a5, No. 2, 1991 | ||
| 505 | _aOctubre 1991 | ||
| 653 | 0 | _aDESARROLLO PROFESIONAL | |
| 653 | 0 | _aESTRUCTURA DEL PODER | |
| 653 | 0 | _aPOLITICAS DE EDUCACION | |
| 653 | 0 | _aROL DEL MAESTRO | |
| 653 | 0 | _aVALORES DEMOCRATICOS | |
| 904 |
_aAC _b019948 |
||
| 905 | _aArticulo | ||
| 999 |
_c70268 _d70268 |
||